00692nam a2200241 a 4500001001300000003000900013005001700022008004100039020000800080082001800088100002100106245003700127260003400164300000900198500003500207505001000242650002300252700002100275902000800296942000700304952012600311999001300437nice12345678IN_TiNIC20260116011322.0050524s1927 oxfa grp 000 0 eng  ac000a954.0254bSMI aSmith, Vincent A aAkbar, the Great Mogul 1542-1605 aOxfordbClarendon Pressc1927 a504p aincludes index and biblioraphy2 aIndex aMughal India-Akbar1 aSmith, Vincent A bSRS cBK 001040708StackRoom-aHMIbHMId2005-05-24g0.00l1o954.0254 SMIp00877r2022-02-09s2022-02-04v0.00w2005-05-24yBK c468d468